000 00287nam a22001217a 4500
008 180518b xxu||||| |||| 00| 0 eng d
041 _aeng
080 _a043.3
100 _a0
101 _aMBE-BA
245 _aBanka Qendrore e Kosoves dhe Politika Monetare
_cZeka, E
942 _2udc
_cBK
999 _c45981
_d45981